[Event "Caspian Cup 17th"]
[Site "Bandar e Anzali"]
[Date "2019.02.12"]
[Round "1"]
[White "Doostkam, Pooyan"]
[Black "Gholami Orimi, Mahdi"]
[Result "1/2-1/2"]
[WhiteElo "2115"]
[BlackElo "2375"]
[PlyCount "97"]
[EventDate "2019.02.12"]
[EventType "swiss"]
[EventRounds "9"]
[EventCountry "IRI"]
[SourceTitle "CBM 189 Extra"]
[Source "ChessBase"]
[SourceDate "2019.06.03"]
[SourceVersion "1"]
[SourceVersionDate "2019.06.03"]
[SourceQuality "1"]

1. c4 e6 2. Nc3 d5 3. e3 Nf6 4. Nf3 dxc4 5. Bxc4 a6 6. a4 b6 7. 0-0 Bb7 8. d4 Nbd7 9. Qe2 Bd6 10. e4 e5 11. Rd1 Qe7 12. dxe5 Nxe5 13. Nxe5 Bxe5 14. Nd5 Nxd5 15. Bxd5 Bxd5 16. Rxd5 0-0 17. Be3 Bd6 18. Qd3 Rae8 19. Bxb6 Qxe4 20. Qxe4 Rxe4 21. Bc5 Rfe8 22. f3 Bxc5+ 23. Rxc5 Re2 24. Rxc7 Rxb2 25. Rac1 Ra2 26. Rc8 Kf8 27. Rxe8+ Kxe8 28. Rc4 Kd7 29. h4 a5 30. h5 Kd6 31. Rf4 Ke6 32. Re4+ Kf5 33. Rc4 Kf6 34. Rc6+ Ke7 35. Rc7+ Ke6 36. Rc4 g6 37. h6 Kf6 38. Rc6+ Kg5 39. Rc5+ Kxh6 40. Rxa5 f5 41. Ra7 g5 42. Ra6+ Kh5 43. Ra7 h6 44. Ra6 g4 45. fxg4+ fxg4 46. g3 Kg5 47. Ra5+ Kf6 48. Kh1 Ke6 49. Kg1 1/2-1/2

[Event "Khomeyn Aftab Cup 1st"]
[Site "Khomeyn"]
[Date "2017.08.30"]
[Round "2"]
[White "Doostkam, Pooyan"]
[Black "Bosiocic, Marin"]
[Result "0-1"]
[WhiteElo "2084"]
[BlackElo "2623"]
[PlyCount "132"]
[EventDate "2017.08.29"]
[EventType "swiss"]
[EventRounds "9"]
[EventCountry "IRI"]
[SourceTitle "CBM 180 Extra"]
[Source "ChessBase"]
[SourceDate "2017.10.06"]
[SourceVersion "1"]
[SourceVersionDate "2017.10.06"]
[SourceQuality "1"]

1. Nf3 d5 2. d4 Nf6 3. Bf4 g6 4. e3 Bg4 5. Nbd2 Nh5 6. h3 Bxf3 7. Qxf3 Nxf4 8. Qxf4 Bg7 9. c3 Nd7 10. Nf3 c6 11. e4 dxe4 12. Qxe4 0-0 13. Bc4 c5 14. 0-0 cxd4 15. Nxd4 Nb6 16. Nf3 Qc7 17. Bb3 Bf6 18. Rad1 a5 19. a4 Qc6 20. Rfe1 Qxe4 21. Rxe4 Nc8 22. Ne5 Bxe5 23. Rxe5 Kg7 24. Rd7 Kf6 25. Re3 Rb8 26. Red3 b5 27. Rd8 Nd6 28. Rxf8 Rxf8 29. axb5 Nxb5 30. Rd5 Rb8 31. Ba4 Nc7 32. Rxa5 Rxb2 33. Rc5 Ne6 34. Rc6 Ke5 35. g3 g5 36. Rc8 Kd6 37. Bc6 h5 38. Be8 g4 39. h4 f5 40. Bxh5 Nc5 41. f3 f4 42. gxf4 g3 43. Rg8 e6 44. Rxg3 Nd3 45. Rg5 Nxf4 46. Bg4 Ne2+ 47. Kf2 Nxc3+ 48. Ke3 Nd5+ 49. Kd3 Nf4+ 50. Ke3 Ng2+ 51. Kd3 Nxh4 52. Rh5 Ng6 53. Rh6 Nf4+ 54. Ke3 Ke5 55. Rh5+ Nxh5 56. Bxh5 Rb3+ 57. Kf2 Kf4 58. Kg2 Rb2+ 59. Kf1 e5 60. Ke1 Ke3 61. Kd1 Rb1+ 62. Kc2 Rf1 63. Bg4 Rxf3 64. Bd7 Rf2+ 65. Kc1 Rd2 66. Bc6 Rd6 0-1

[Event "Fajr op 25th"]
[Site "Sareyn"]
[Date "2017.01.28"]
[Round "1"]
[White "Mirzoev, Azer"]
[Black "Doostkam, Pooyan"]
[Result "1-0"]
[WhiteElo "2537"]
[BlackElo "2187"]
[PlyCount "75"]
[EventDate "2017.01.28"]
[EventType "swiss"]
[EventRounds "11"]
[EventCountry "IRI"]
[SourceTitle "CBM 176 Extra"]
[Source "ChessBase"]
[SourceDate "2017.03.02"]
[SourceVersion "1"]
[SourceVersionDate "2017.03.02"]
[SourceQuality "1"]

1. d4 e6 2. c4 d5 3. Nc3 Bb4 4. cxd5 exd5 5. Qb3 Nc6 6. Nf3 Nf6 7. Bg5 0-0 8. e3 Be6 9. a3 Bxc3+ 10. Qxc3 h6 11. Bxf6 Qxf6 12. Bb5 Bg4 13. Bxc6 Bxf3 14. Bxb7 Bxg2 15. Rg1 Rab8 16. Qxc7 Be4 17. Rc1 Qf3 18. Rg3 Rxb7 19. Qxb7 Qh1+ 20. Kd2 Qxh2 21. Rf1 h5 22. Qc7 Kh8 23. Qe5 Bg6 24. Rgg1 Qh3 25. Qxd5 Rb8 26. b4 Qc8 27. Rc1 Qa6 28. Rc3 Qf6 29. Ke1 Rd8 30. Qg5 Qb6 31. Rh1 Re8 32. Rxh5+ Bxh5 33. Qxh5+ Kg8 34. Qc5 Qb8 35. Qc6 Kf8 36. Qc7 Qa8 37. Rc6 Kg8 38. b5 1-0

[Event "Rasht Khazar op 15th"]
[Site "Rasht"]
[Date "2017.01.20"]
[Round "1"]
[White "Berkes, Ferenc"]
[Black "Doostkam, Pooyan"]
[Result "1-0"]
[WhiteElo "2648"]
[BlackElo "2187"]
[PlyCount "84"]
[EventDate "2017.01.20"]
[EventType "swiss"]
[EventRounds "9"]
[EventCountry "IRI"]
[SourceTitle "CBM 176 Extra"]
[Source "ChessBase"]
[SourceDate "2017.03.02"]
[SourceVersion "1"]
[SourceVersionDate "2017.03.02"]
[SourceQuality "1"]

1. d4 e6 2. Nf3 Nf6 3. Bg5 c5 4. e3 Be7 5. Nbd2 cxd4 6. exd4 b6 7. Bd3 Bb7 8. 0-0 0-0 9. Re1 d6 10. a4 a6 11. Nf1 Nbd7 12. Ng3 Re8 13. c3 Qc7 14. h4 h6 15. Bd2 Bf8 16. h5 Bc6 17. c4 d5 18. Rc1 dxc4 19. Bxc4 Bd6 20. Bf1 Bxg3 21. fxg3 Qd6 22. Bf4 Qd5 23. Ne5 Rec8 24. g4 Nxe5 25. Rxe5 Qa2 26. g5 hxg5 27. Rxg5 Ne4 28. Rg4 Qxb2 29. Rc2 Qb4 30. h6 g6 31. Be5 Kh7 32. Rxc6 Rxc6 33. Rxe4 Rac8 34. Rf4 f5 35. Qe2 g5 36. Rf2 Rc1 37. Qxa6 Kxh6 38. Qb7 R8c7 39. Bxc7 Qxd4 40. g3 Qd7 41. Qh1+ Kg6 42. Be5 Qxa4 1-0

[Event "Tehran Paytakht Cup 1st"]
[Site "Tehran"]
[Date "2016.10.25"]
[Round "1"]
[White "Komarov, Dimitri"]
[Black "Doostkam, Pooyan"]
[Result "1-0"]
[WhiteElo "2498"]
[BlackElo "2210"]
[PlyCount "121"]
[EventDate "2016.10.25"]
[EventType "swiss"]
[EventRounds "9"]
[EventCountry "IRI"]
[SourceTitle "EXT 2018"]
[Source "ChessBase"]
[SourceDate "2017.10.13"]
[SourceVersion "1"]
[SourceVersionDate "2017.10.13"]
[SourceQuality "1"]

1. d4 e6 2. c4 d5 3. Nc3 Bb4 4. cxd5 exd5 5. Bf4 c6 6. e3 Ne7 7. Qb3 Bd6 8. Bxd6 Qxd6 9. Bd3 b6 10. Rc1 0-0 11. Qc2 h6 12. Nf3 Nd7 13. 0-0 a5 14. Na4 Ba6 15. Bxa6 Rxa6 16. Rfd1 Rb8 17. b3 b5 18. Nb2 a4 19. Nd3 axb3 20. axb3 Rba8 21. Qc3 Ra3 22. Nfe1 Nb6 23. Qc5 Qxc5 24. Nxc5 R3a7 25. Nc2 Nd7 26. Nd3 Nb8 27. g3 f6 28. h4 h5 29. Nf4 g6 30. Kg2 Kf7 31. Nd3 Nf5 32. Ncb4 Ne7 33. Nc5 Ra3 34. Re1 R8a7 35. e4 dxe4 36. Rxe4 Nd5 37. Nxd5 cxd5 38. Re3 Re7 39. Ne6 Ra6 40. Nc7 Rxe3 41. fxe3 Ra3 42. Nxd5 Rxb3 43. Kf3 Nd7 44. Rc6 Rb1 45. Rd6 Ke8 46. Re6+ Kd8 47. Ke2 Rb2+ 48. Kf3 Rb1 49. Ra6 Ke8 50. Ke4 Rf1 51. Nc7+ Ke7 52. Nxb5 f5+ 53. Kd3 Nf6 54. Ra7+ Kf8 55. Ra6 Kg7 56. Nc7 Ne4 57. Ne6+ Kf7 58. Nf4 Nf6 59. Ra7+ Ke8 60. Nxg6 Rf3 61. Ra8+ 1-0

[Event "Yerevan op 1st"]
[Site "Yerevan"]
[Date "2016.10.04"]
[Round "3"]
[White "Niazyan, Sargis"]
[Black "Doostkam, Pooyan"]
[Result "0-1"]
[WhiteElo "1892"]
[BlackElo "2210"]
[PlyCount "62"]
[EventDate "2016.10.02"]
[EventType "swiss"]
[EventRounds "9"]
[EventCountry "ARM"]
[SourceTitle "EXT 2017"]
[Source "ChessBase"]
[SourceDate "2016.10.25"]
[SourceVersion "1"]
[SourceVersionDate "2016.10.25"]
[SourceQuality "1"]

1. d4 e6 2. Nf3 Nf6 3. Bf4 c5 4. e3 cxd4 5. exd4 b6 6. Bd3 Bb7 7. Nbd2 Be7 8. 0-0 0-0 9. c3 d6 10. h3 Nbd7 11. Re1 Qc7 12. Qe2 Rfe8 13. Rad1 Bf8 14. Ne4 Nxe4 15. Bxe4 Bxe4 16. Qxe4 b5 17. Ng5 Nf6 18. Qd3 Qc4 19. Qf3 Qxa2 20. Qb7 Be7 21. Bxd6 Bxd6 22. Qxf7+ Kh8 23. Rxe6 Rf8 24. Re8 Qa4 25. b3 Nxe8 26. bxa4 Rxf7 27. Nxf7+ Kg8 28. Nxd6 Nxd6 29. axb5 Rc8 30. Ra1 Nxb5 31. Ra5 Nxc3 0-1

[Event "Albena op-B"]
[Site "Albena"]
[Date "2016.06.22"]
[Round "4"]
[White "Jega, Gabriel"]
[Black "Doostkam, Pooyan"]
[Result "0-1"]
[WhiteElo "2002"]
[BlackElo "2170"]
[PlyCount "90"]
[EventDate "2016.06.19"]
[EventType "swiss"]
[EventRounds "7"]
[EventCountry "BUL"]
[SourceTitle "EXT 2017"]
[Source "ChessBase"]
[SourceDate "2016.10.25"]
[SourceVersion "1"]
[SourceVersionDate "2016.10.25"]
[SourceQuality "1"]

1. d4 e6 2. Nf3 Nf6 3. e3 g6 4. Bd3 Bg7 5. 0-0 d6 6. b3 b6 7. Bb2 Bb7 8. Nbd2 c5 9. Bb5+ Bc6 10. Bxc6+ Nxc6 11. dxc5 bxc5 12. Ne4 Nxe4 13. Bxg7 Rg8 14. Bb2 d5 15. Qe2 Qa5 16. c4 Rd8 17. cxd5 exd5 18. Rfd1 f6 19. Ne1 Kf7 20. Nd3 Rd6 21. h4 Re8 22. Nf4 Red8 23. Qf3 Nd2 24. Qe2 Ne4 25. Qg4 d4 26. h5 f5 27. hxg6+ hxg6 28. Qh4 Rg8 29. f3 Nf6 30. Nh3 Qd8 31. Ng5+ Kg7 32. exd4 cxd4 33. Rac1 Qb6 34. g3 Re8 35. Rd2 Red8 36. Rh2 Kf8 37. Re1 Ng8 38. Ba3 d3+ 39. Kh1 Qa5 40. Ne6+ Ke8 41. b4 Qxa3 42. Nc5+ Nce7 43. Rxe7+ Kf8 44. Re1 d2 45. Rf1 d1Q 0-1

[Event "Albena op-B"]
[Site "Albena"]
[Date "2016.06.21"]
[Round "3"]
[White "Doostkam, Pooyan"]
[Black "Mintenko, Heorhiy"]
[Result "1-0"]
[WhiteElo "2170"]
[BlackElo "1911"]
[PlyCount "71"]
[EventDate "2016.06.19"]
[EventType "swiss"]
[EventRounds "7"]
[EventCountry "BUL"]
[SourceTitle "EXT 2017"]
[Source "ChessBase"]
[SourceDate "2016.10.25"]
[SourceVersion "1"]
[SourceVersionDate "2016.10.25"]
[SourceQuality "1"]

1. c4 c6 2. Nf3 Nf6 3. Nc3 d5 4. e3 g6 5. d4 Bg7 6. Qb3 0-0 7. Bd2 a6 8. a4 Re8 9. Bd3 e6 10. a5 Nbd7 11. 0-0 Qe7 12. Na4 Bf8 13. Nc3 Qb4 14. Qa2 Qd6 15. e4 dxe4 16. Nxe4 Nxe4 17. Bxe4 Nf6 18. Bc2 c5 19. Bg5 Bg7 20. Qa3 Nd7 21. Be3 Bf8 22. dxc5 Nxc5 23. b4 Nd7 24. c5 Qc7 25. Ba4 Rd8 26. Bg5 Re8 27. Rfd1 Be7 28. Qe3 Bxg5 29. Nxg5 Re7 30. Ne4 Qe5 31. Qd4 Kg7 32. Qxe5+ Nxe5 33. Rd8 Nc6 34. Bxc6 bxc6 35. Nd6 h5 36. Rxc8 1-0

[Event "Dubai op 18th"]
[Site "Dubai"]
[Date "2016.04.11"]
[Round "1"]
[White "Doostkam, Pooyan"]
[Black "Ly, Moulthun"]
[Result "0-1"]
[WhiteElo "2095"]
[BlackElo "2506"]
[PlyCount "60"]
[EventDate "2016.04.11"]
[EventType "swiss"]
[EventRounds "9"]
[EventCountry "UAE"]
[SourceTitle "CBM 172 Extra"]
[Source "ChessBase"]
[SourceDate "2016.06.21"]
[SourceVersion "1"]
[SourceVersionDate "2016.06.21"]
[SourceQuality "1"]

1. c4 Nf6 2. Nc3 e5 3. Nf3 Nc6 4. a3 d5 5. cxd5 Nxd5 6. Qc2 Nxc3 7. dxc3 Bd6 8. e4 0-0 9. Bc4 Qe8 10. b4 a5 11. b5 Nd8 12. a4 Kh8 13. Nd2 Ne6 14. Bxe6 Bxe6 15. c4 Qe7 16. Qc3 Bb4 17. Qc2 Qg5 18. Kf1 Qe7 19. Nb3 f5 20. Bd2 Qf7 21. Rc1 Ba3 22. Kg1 Bxc1 23. Bxc1 Bxc4 24. Nd2 Be6 25. Bb2 Rad8 26. h4 fxe4 27. Nxe4 Bf5 28. Bxe5 Rde8 29. f4 Qd5 30. Qxc7 Rxe5 0-1

[Event "Penang op 7th"]
[Site "Penang"]
[Date "2015.12.12"]
[Round "9"]
[White "Doostkam, Pooyan"]
[Black "Dang, Hoang Son"]
[Result "0-1"]
[WhiteElo "2067"]
[BlackElo "2193"]
[PlyCount "92"]
[EventDate "2015.12.07"]
[EventType "swiss"]
[EventRounds "9"]
[EventCountry "MAS"]
[SourceTitle "CBM 169 Extra"]
[Source "ChessBase"]
[SourceDate "2015.12.18"]
[SourceVersion "1"]
[SourceVersionDate "2015.12.18"]
[SourceQuality "1"]

1. c4 d6 2. d4 g6 3. g3 Nf6 4. Bg2 Bg7 5. Nc3 0-0 6. e3 c6 7. Nge2 e5 8. b3 exd4 9. exd4 a5 10. 0-0 Na6 11. Bf4 Bf5 12. Rc1 Nb4 13. Ra1 Nh5 14. Bd2 Re8 15. a3 Bc2 16. Qc1 Bxb3 17. axb4 Bxc4 18. Re1 axb4 19. Rxa8 Qxa8 20. Ne4 Bd3 21. g4 Bxe4 22. gxh5 Bxg2 23. Kxg2 c5 24. h6 Bf8 25. Ng3 b5+ 26. Kg1 Rxe1+ 27. Qxe1 b3 28. dxc5 b2 29. Bc3 Qa2 30. Bxb2 Qxb2 31. c6 d5 32. c7 Qc2 33. Qe5 Qc1+ 34. Kg2 Qc6 35. Ne2 d4+ 36. f3 Qc2 37. c8Q Qxc8 38. Nxd4 b4 39. Qb5 Qd8 40. Qe5 Bxh6 41. Nc6 Qd2+ 42. Kg3 Bf8 43. Nd4 Qc3 44. Qd5 Qe1+ 45. Kg2 Qd2+ 46. Kh3 b3 0-1

[Event "Penang op 7th"]
[Site "Penang"]
[Date "2015.12.08"]
[Round "2"]
[White "Priasmoro, Novendra"]
[Black "Doostkam, Pooyan"]
[Result "1-0"]
[WhiteElo "2324"]
[BlackElo "2067"]
[PlyCount "45"]
[EventDate "2015.12.07"]
[EventType "swiss"]
[EventRounds "9"]
[EventCountry "MAS"]
[SourceTitle "CBM 169 Extra"]
[Source "ChessBase"]
[SourceDate "2015.12.18"]
[SourceVersion "1"]
[SourceVersionDate "2015.12.18"]
[SourceQuality "1"]

1. e4 e6 2. d4 d5 3. Nc3 Bb4 4. e5 Ne7 5. Bd2 b6 6. Qg4 0-0 7. h4 f5 8. exf6 Rxf6 9. Bd3 e5 10. Qh5 e4 11. Nxe4 dxe4 12. Bc4+ Be6 13. Bxe6+ Rxe6 14. Bxb4 Nec6 15. Bc3 Nxd4 16. 0-0-0 c5 17. Nh3 Rh6 18. Qe5 Nbc6 19. Qxe4 Rxh4 20. f4 Qd7 21. Bxd4 cxd4 22. Ng5 Re8 23. Qd3 1-0

[Event "Tehran Behin Cup 2nd"]
[Site "Tehran"]
[Date "2014.11.17"]
[Round "3"]
[White "Doostkam, Pooyan"]
[Black "Tabatabaei, Mohammad Amin"]
[Result "0-1"]
[WhiteElo "2066"]
[BlackElo "2370"]
[PlyCount "40"]
[EventDate "2014.11.15"]
[EventType "swiss"]
[EventRounds "9"]
[EventCountry "IRI"]
[SourceTitle "CBM 163 Extra"]
[Source "ChessBase"]
[SourceDate "2014.12.23"]
[SourceVersion "1"]
[SourceVersionDate "2014.12.23"]
[SourceQuality "1"]

1. c4 g6 2. d4 Nf6 3. g3 Bg7 4. Bg2 0-0 5. Nc3 d6 6. Nf3 Nc6 7. 0-0 Bg4 8. d5 Na5 9. Qd3 c5 10. Rb1 a6 11. b3 b5 12. Nd2 Nd7 13. h3 bxc4 14. bxc4 Ne5 15. Qc2 Bf5 16. e4 Bd7 17. Na4 Rb8 18. Nb3 f5 19. f4 Nf7 20. Kh2 e5 0-1

[Event "Hamadan Iran op 11th"]
[Site "Hamadan"]
[Date "2012.07.15"]
[Round "7"]
[White "Khajavi, Armin"]
[Black "Doostkam, Pooyan"]
[Result "0-1"]
[WhiteElo "2053"]
[BlackElo "2151"]
[PlyCount "94"]
[EventDate "2012.07.11"]
[EventType "swiss"]
[EventRounds "11"]
[EventCountry "IRI"]
[SourceTitle "CBM 149 Extra"]
[Source "ChessBase"]
[SourceDate "2012.08.24"]
[SourceVersion "1"]
[SourceVersionDate "2012.08.24"]
[SourceQuality "1"]

1. e4 e6 2. Nc3 d5 3. d4 Nf6 4. Bg5 Bb4 5. e5 h6 6. Be3 Ne4 7. Qg4 Kf8 8. Bd3 Nxc3 9. Bd2 Nxa2 10. c3 Be7 11. Rxa2 c5 12. Ne2 Nc6 13. 0-0 cxd4 14. cxd4 Qb6 15. Bc3 Nb4 16. Bxb4 Qxb4 17. Nf4 h5 18. Nxh5 g6 19. Nf4 Rh4 20. Qf3 Kg7 21. g3 Rh6 22. Rc1 Bd8 23. Qg4 Bb6 24. Qg5 Qxd4 25. Qf6+ Kg8 26. b3 Bd7 27. Bxg6 fxg6 28. Nxe6 Bxe6 29. Qxe6+ Kh8 30. Qf6+ Kg8 31. Qe6+ Kh8 32. Rc8+ Rxc8 33. Qxc8+ Kg7 34. Qd7+ Kg8 35. Qe8+ Kg7 36. Qe7+ Kg8 37. Qe8+ Kg7 38. Qd7+ Kg8 39. e6 Qd1+ 40. Kg2 Qg4 41. Qf7+ Kh8 42. Qe8+ Kg7 43. Qf7+ Kh8 44. e7 Qh3+ 45. Kf3 Qh5+ 46. Kg2 Qxh2+ 47. Kf1 Qh1+ 0-1

[Event "Hamadan Iran op 11th"]
[Site "Hamadan"]
[Date "2012.07.14"]
[Round "5"]
[White "Noroozi, Omid"]
[Black "Doostkam, Pooyan"]
[Result "1-0"]
[WhiteElo "2348"]
[BlackElo "2151"]
[PlyCount "61"]
[EventDate "2012.07.11"]
[EventType "swiss"]
[EventRounds "11"]
[EventCountry "IRI"]
[SourceTitle "CBM 149 Extra"]
[Source "ChessBase"]
[SourceDate "2012.08.24"]
[SourceVersion "1"]
[SourceVersionDate "2012.08.24"]
[SourceQuality "1"]

1. Nf3 g6 2. e4 Bg7 3. d4 d6 4. Nc3 c6 5. a4 Nd7 6. Bc4 d5 7. exd5 Nb6 8. Qe2 Nxd5 9. Bxd5 cxd5 10. Qb5+ Kf8 11. Qxd5 Qxd5 12. Nxd5 Bf5 13. Ne3 Be4 14. c3 Bxf3 15. gxf3 Nf6 16. b3 Rc8 17. Kd2 Nh5 18. Ba3 Nf4 19. Rae1 h5 20. a5 Bf6 21. Bc5 a6 22. Nc4 Ne6 23. Nb6 Rd8 24. Ba3 Kg7 25. Kc2 Rhe8 26. d5 Ng5 27. Re3 Nh3 28. Rhe1 Bg5 29. Bxe7 Bxe3 30. Bxd8 Nxf2 31. Bg5 1-0

[Event "Thailand op 11th"]
[Site "Pattaya"]
[Date "2011.04.13"]
[Round "4"]
[White "Willemze, Thomas"]
[Black "Doostkam, Pooyan"]
[Result "1-0"]
[WhiteElo "2390"]
[BlackElo "2210"]
[PlyCount "47"]
[EventDate "2011.04.11"]
[EventType "swiss"]
[EventRounds "9"]
[EventCountry "THA"]
[SourceTitle "CBM 141 Extra"]
[Source "ChessBase"]
[SourceDate "2011.05.03"]
[SourceVersion "1"]
[SourceVersionDate "2011.05.03"]
[SourceQuality "1"]

1. e4 e6 2. d4 d5 3. Nc3 Nf6 4. Bg5 Bb4 5. e5 h6 6. Be3 Ne4 7. Qg4 Kf8 8. Bd3 Nxc3 9. Bd2 Nxa2 10. c3 Nxc3 11. bxc3 Be7 12. h4 f5 13. exf6 Bxf6 14. Qh5 Nc6 15. Nf3 Bd7 16. 0-0 Be8 17. Qg4 e5 18. dxe5 Nxe5 19. Nxe5 Bxe5 20. Rae1 Bd6 21. Rxe8+ Qxe8 22. Bg6 Qe5 23. Re1 Qf6 24. Re6 1-0

[Event "IRI-ch"]
[Site "Tabriz"]
[Date "2011.01.04"]
[Round "5"]
[White "Doostkam, Pooyan"]
[Black "Sadeh, Shahin"]
[Result "1/2-1/2"]
[WhiteElo "2194"]
[BlackElo "2320"]
[PlyCount "39"]
[EventDate "2011.01.01"]
[EventType "swiss"]
[EventRounds "11"]
[EventCountry "IRI"]
[SourceTitle "CBM 140 Extra"]
[Source "ChessBase"]
[SourceDate "2011.03.01"]
[SourceVersion "1"]
[SourceVersionDate "2011.03.01"]
[SourceQuality "1"]

1. Nf3 d5 2. c4 c6 3. e3 Nf6 4. Nc3 Nbd7 5. d4 e6 6. Qc2 Bd6 7. b3 0-0 8. Be2 e5 9. cxd5 cxd5 10. Nb5 Bb4+ 11. Bd2 Bxd2+ 12. Nxd2 a6 13. dxe5 Nxe5 14. Nd4 Bg4 15. 0-0 Rc8 16. Qb2 Qd6 17. Bxg4 Nfxg4 18. N2f3 Rfe8 19. h3 Nf6 20. Nxe5 1/2-1/2

[Event "IRI-ch"]
[Site "Tabriz"]
[Date "2011.01.03"]
[Round "3"]
[White "Doostkam, Pooyan"]
[Black "Mahjoob, Morteza"]
[Result "1-0"]
[WhiteElo "2194"]
[BlackElo "2519"]
[PlyCount "62"]
[EventDate "2011.01.01"]
[EventType "swiss"]
[EventRounds "11"]
[EventCountry "IRI"]
[SourceTitle "CBM 140 Extra"]
[Source "ChessBase"]
[SourceDate "2011.03.01"]
[SourceVersion "1"]
[SourceVersionDate "2011.03.01"]
[SourceQuality "1"]

1. c4 e6 2. Nf3 Nf6 3. g3 d5 4. b3 Bd6 5. Bb2 Qe7 6. Bg2 0-0 7. 0-0 c5 8. e3 Nc6 9. Nc3 dxc4 10. bxc4 Na5 11. d3 b6 12. Nb5 Bb8 13. Ng5 Bb7 14. Bxb7 Nxb7 15. Qf3 Rd8 16. Bxf6 gxf6 17. Ne4 f5 18. Nf6+ Kh8 19. Rad1 Be5 20. Nh5 a6 21. d4 Bg7 22. Nxg7 Kxg7 23. Nc3 cxd4 24. exd4 Rac8 25. Rfe1 Rxc4 26. Nd5 Qd6 27. Nf4 Na5 28. Qh5 Qe7 29. d5 Rd6 30. dxe6 Rxf4 31. Rxd6 Rb4 1-0

[Event "IRI-ch"]
[Site "Tabriz"]
[Date "2011.01.02"]
[Round "2"]
[White "Darini, Pouria"]
[Black "Doostkam, Pooyan"]
[Result "1/2-1/2"]
[WhiteElo "2423"]
[BlackElo "2194"]
[PlyCount "86"]
[EventDate "2011.01.01"]
[EventType "swiss"]
[EventRounds "11"]
[EventCountry "IRI"]
[SourceTitle "CBM 140 Extra"]
[Source "ChessBase"]
[SourceDate "2011.03.01"]
[SourceVersion "1"]
[SourceVersionDate "2011.03.01"]
[SourceQuality "1"]

1. e4 e6 2. d4 d5 3. Nc3 Nf6 4. Bg5 Bb4 5. e5 h6 6. Bd2 Bxc3 7. bxc3 Ne4 8. Qg4 g6 9. Bd3 Nxd2 10. Kxd2 c5 11. h4 c4 12. Be2 Nd7 13. Nh3 Qe7 14. Qg3 b6 15. h5 g5 16. f4 gxf4 17. Qxf4 f6 18. exf6 Nxf6 19. Bf3 Bb7 20. Qe5 Rg8 21. Nf4 Ne4+ 22. Bxe4 dxe4 23. Ng6 Qd7 24. Rhf1 0-0-0 25. Rf6 Bd5 26. Raf1 Qc7 27. Qxc7+ Kxc7 28. Rf7+ Kb8 29. g4 e5 30. Rf8 exd4 31. cxd4 c3+ 32. Kxc3 Bxa2 33. g5 Rc8+ 34. Kd2 hxg5 35. h6 Rxg6 36. h7 Rh6 37. Rxc8+ Kxc8 38. Rf8+ Kd7 39. h8Q Rxh8 40. Rxh8 Bd5 41. Rh5 a5 42. Rxg5 Kc6 43. Ke3 a4 1/2-1/2

[Event "Istanbul op 8th"]
[Site "Istanbul"]
[Date "2009.09.03"]
[Round "5"]
[White "Sulashvili, Malkhaz"]
[Black "Doostkam, Pooyan"]
[Result "1/2-1/2"]
[WhiteElo "2456"]
[BlackElo "2149"]
[PlyCount "68"]
[EventDate "2009.08.31"]
[EventType "swiss"]
[EventRounds "9"]
[EventCountry "TUR"]
[SourceTitle "CBM 132 Extra"]
[Source "ChessBase"]
[SourceDate "2009.11.03"]
[SourceVersion "1"]
[SourceVersionDate "2009.11.03"]
[SourceQuality "1"]

1. d4 e6 2. Nf3 c5 3. e3 Nf6 4. c4 cxd4 5. exd4 d5 6. Nc3 Nc6 7. cxd5 Nxd5 8. Bb5 Qa5 9. Qa4 Qxa4 10. Bxa4 Bb4 11. Bd2 Nde7 12. 0-0 0-0 13. a3 Ba5 14. Rfd1 Rd8 15. Bg5 f6 16. b4 Bb6 17. Be3 Nf5 18. Bxc6 bxc6 19. Na4 Ba6 20. Re1 Bc4 21. Rac1 Bd5 22. Nc5 a5 23. Rb1 axb4 24. axb4 Ra2 25. Ra1 Rxa1 26. Rxa1 Bxf3 27. gxf3 Nxd4 28. Nxe6 Nxe6 29. Bxb6 Rd3 30. Rc1 Nf4 31. Kf1 Rb3 32. Be3 Nd5 33. Rxc6 Rxb4 34. Kg2 Rb3 1/2-1/2

[Event "Urumia op 2nd"]
[Site "Urumia"]
[Date "2008.08.28"]
[Round "5"]
[White "Doostkam, Pooyan"]
[Black "Idani, Pouya"]
[Result "1/2-1/2"]
[WhiteElo "2155"]
[BlackElo "1937"]
[PlyCount "142"]
[EventDate "2008.08.26"]
[EventType "swiss"]
[EventRounds "10"]
[EventCountry "IRI"]
[SourceTitle "CBM 126 Extra"]
[Source "ChessBase"]
[SourceDate "2008.11.05"]
[SourceVersion "1"]
[SourceVersionDate "2008.11.05"]
[SourceQuality "1"]

1. c4 e6 2. Nc3 d5 3. d4 Nf6 4. cxd5 exd5 5. Bg5 c6 6. Qc2 Be7 7. e3 0-0 8. Bd3 Nbd7 9. Nf3 Re8 10. 0-0 Nf8 11. Rae1 g6 12. Ne5 Ne6 13. f4 Ng7 14. h3 Nf5 15. g4 Ng3 16. Rf3 Nfe4 17. Bxe7 Qxe7 18. Bxe4 Nxe4 19. Nxe4 dxe4 20. Rg3 f6 21. Nc4 Be6 22. Nd2 Bd5 23. g5 fxg5 24. Rxg5 Kh8 25. Kh2 Qf7 26. Reg1 Rad8 27. a3 b6 28. Nf1 a5 29. Qf2 Rd6 30. Qg3 Rf6 31. h4 Rf5 32. h5 Rxg5 33. Qxg5 gxh5 34. Ng3 Rg8 35. Qe5+ Qg7 36. Qxh5 Qg6 37. Qxg6 hxg6 38. Ne2 Bc4 39. Nc3 Bd3 40. Rg5 b5 41. Re5 b4 42. Nxe4 bxa3 43. bxa3 Rb8 44. Nf2 Bb5 45. Ng4 Rb7 46. Re6 Bd3 47. Ne5 Bf5 48. Rxc6 Rb3 49. Nxg6+ Bxg6 50. Rxg6 Rxe3 51. Rg3 Re4 52. Rd3 Rxf4 53. d5 Rf7 54. Kg3 Kg7 55. Kg4 Rf8 56. Rd4 Rf1 57. Ra4 Rd1 58. Rxa5 Kf6 59. Kf4 Rd4+ 60. Ke3 Rh4 61. Ra6+ Ke5 62. d6 Rh3+ 63. Kd2 Ke6 64. a4 Ra3 65. a5 Kd7 66. Kc2 Ra1 67. Kb3 Rd1 68. Kc4 Rxd6 69. Ra8 Kc7 70. Kc5 Rh6 71. Ra7+ Kb8 1/2-1/2

[Event "IRI-ch 18th"]
[Site "Tehran"]
[Date "2008.02.23"]
[Round "10"]
[White "Dalir, Faradj"]
[Black "Doostkam, Pooyan"]
[Result "1-0"]
[WhiteElo "2200"]
[BlackElo "2241"]
[PlyCount "145"]
[EventDate "2008.02.16"]
[EventType "tourn"]
[EventRounds "13"]
[EventCountry "IRI"]
[EventCategory "2"]
[SourceTitle "CBM 123 Extra"]
[Source "ChessBase"]
[SourceDate "2008.05.06"]
[SourceVersion "1"]
[SourceVersionDate "2008.05.06"]
[SourceQuality "1"]

1. Nf3 c5 2. c4 Nc6 3. d4 cxd4 4. Nxd4 g6 5. e4 Bg7 6. Be3 Nf6 7. Nc3 Ng4 8. Qxg4 Nxd4 9. Qd1 Ne6 10. Qd2 Qa5 11. Be2 b6 12. Rc1 Bb7 13. f3 g5 14. 0-0 h5 15. Rfd1 d6 16. a3 Qe5 17. b4 h4 18. c5 bxc5 19. bxc5 Nxc5 20. Nb5 0-0 21. Bxg5 Nb3 22. Qe3 Nxc1 23. Rxc1 a6 24. Nc7 Rac8 25. Kh1 h3 26. gxh3 f5 27. Qb3+ Kh8 28. Qxb7 fxe4 29. f4 Qb2 30. Qxb2 Bxb2 31. Rc2 Bxa3 32. Bxa6 Rb8 33. Nd5 Bc5 34. h4 Rb1+ 35. Kg2 Ra8 36. Bf1 Raa1 37. Bxe7 Bd4 38. Rd2 Rxf1 39. Rxd4 Rg1+ 40. Kf2 Raf1+ 41. Ke3 Re1+ 42. Kd2 Rd1+ 43. Kc3 Rc1+ 44. Kb3 Rge1 45. Bxd6 e3 46. Bb4 Rb1+ 47. Kc4 Rec1+ 48. Kd3 Rb3+ 49. Bc3 e2 50. Kxe2 Rbxc3 51. Nxc3 Rxc3 52. Rd3 Rc2+ 53. Kf3 Rxh2 54. Kg4 Kg7 55. Rd7+ Kf6 56. Rd6+ Kf7 57. h5 Rh1 58. h6 Rh2 59. Ra6 Rh1 60. Kg5 Rh2 61. Ra7+ Kg8 62. f5 Rh1 63. Kg6 Rg1+ 64. Kf6 Rh1 65. Ra8+ Kh7 66. Kf7 Rb1 67. Re8 Kxh6 68. f6 Kh7 69. Kf8 Rb2 70. f7 Rb7 71. Ra8 Rb2 72. Ke7 Re2+ 73. Kd6 1-0